[Event "Barcelona Tres Peons op-B 15th"]
[Site "Barcelona"]
[Date "2013.02.01"]
[Round "4"]
[White "Tortosa Moros, Joan"]
[Black "Jimenez Sanchez, Joan R"]
[Result "0-1"]
[WhiteElo "1696"]
[BlackElo "1820"]
[PlyCount "102"]
[EventDate "2013.01.11"]
[EventType "swiss"]
[EventRounds "9"]
[EventCountry "ESP"]
[SourceTitle "EXT 2014"]
[Source "ChessBase"]
[SourceDate "2013.11.20"]
[SourceVersion "1"]
[SourceVersionDate "2013.11.20"]
[SourceQuality "1"]

1. e4 e5 2. Nf3 Nc6 3. Bb5 a6 4. Ba4 Nf6 5. d3 b5 6. Bb3 d6 7. c3 Be7 8. h3 0-0 9. 0-0 Bd7 10. Re1 Na5 11. Bc2 c5 12. d4 cxd4 13. cxd4 Qc7 14. dxe5 dxe5 15. a3 Rac8 16. Nc3 Rfd8 17. Qe2 Be6 18. Rd1 Nb3 19. Bxb3 Bxb3 20. Rxd8+ Rxd8 21. Nd2 Be6 22. Nd1 Bc5 23. b4 Bd4 24. Rb1 Ba2 25. Rb2 Bxb2 26. Bxb2 Qc2 27. Bc3 Bb3 28. Kf1 Nxe4 29. Qxe4 Qxd1+ 30. Qe1 Qc2 31. Qxe5 Qd1+ 32. Qe1 Qxe1+ 33. Kxe1 Bd5 34. f3 f5 35. Bd4 Kf7 36. Bc5 Re8+ 37. Kf2 Re6 38. Nf1 Bc4 39. Ng3 g6 40. Be3 Re5 41. f4 Rd5 42. Ne2 Bxe2 43. Kxe2 Ke6 44. g4 Rd7 45. g5 Kd5 46. Kd3 Ke6+ 47. Kc2 h6 48. h4 hxg5 49. fxg5 Ke5 50. Bd2 f4 51. Kd1 Rd3 0-1

[Event "Manresa op"]
[Site "Manresa"]
[Date "2007.??.??"]
[Round "1"]
[White "Rojas Keim, Luis Alberto"]
[Black "Jimenez Sanchez, Joan R"]
[Result "1-0"]
[WhiteElo "2414"]
[BlackElo "1861"]
[PlyCount "59"]
[EventDate "2007.08.14"]
[EventType "swiss"]
[EventRounds "9"]
[EventCountry "ESP"]
[SourceTitle "CBM 120 Extra"]
[Source "ChessBase"]
[SourceDate "2007.11.01"]
[SourceVersion "1"]
[SourceVersionDate "2007.11.01"]
[SourceQuality "1"]

1. e4 c5 2. Nf3 g6 3. c3 Bg7 4. d4 cxd4 5. cxd4 d6 6. Bc4 Nf6 7. Qe2 0-0 8. 0-0 Bg4 9. h3 Bxf3 10. Qxf3 Nc6 11. Rd1 Qb6 12. d5 Ne5 13. Qe2 Nxc4 14. Qxc4 Rac8 15. Qe2 Nd7 16. Nc3 Bxc3 17. bxc3 Rxc3 18. Bb2 Rc7 19. Bd4 Nc5 20. e5 Qa6 21. Qe3 b6 22. exd6 exd6 23. Qf4 f6 24. Qxd6 Rd7 25. Qc6 Qb7 26. Bxc5 Qxc6 27. dxc6 Rxd1+ 28. Rxd1 bxc5 29. c7 Kf7 30. Rd8 1-0